Rozpočet 1994

Snaha o vyrovnaný rozpočet na r. 1994 v ČR. Vplyv rozpočtu na ekonomický vývoj. Využitie prostriedkov FNM na pokrytie niektorých výdavkov rozpočtu. Výnosy z privatizácie a rozpočet. Rezervy a ich využitie. Miestne rozpočty.

Na minha lista:
Detalhes bibliográficos
Autor principal: Kameníčková, Věra
Formato: Capítulo de Livro
Idioma:tcheco
Assuntos:
Tags: Adicionar Tag
Sem tags, seja o primeiro a adicionar uma tag!

MARC

LEADER 00000naa a2200000 4500
001 r000858
005 20230221120935.4
041 0 |a cze 
044 |a CZ 
245 1 0 |a Rozpočet 1994  |c Věra Kameníčková 
520 |a Snaha o vyrovnaný rozpočet na r. 1994 v ČR. Vplyv rozpočtu na ekonomický vývoj. Využitie prostriedkov FNM na pokrytie niektorých výdavkov rozpočtu. Výnosy z privatizácie a rozpočet. Rezervy a ich využitie. Miestne rozpočty. 
610 2 0 |a rozpočet štátny 
610 2 0 |a Česko 
610 2 0 |a 1994 
610 2 0 |a rozpočet miestny 
100 1 |a Kameníčková, Věra